00266nam a22000977a 4500082001400000100002100014245005100035260006100086300000800147650001300155 a294.5 WAL aWalker, Benjamin aHindu World An Encyclopedia Survey of hinduism aNew DelhibMunshiram Manoharlal Publishers Pvt.Ltdc1983 a608 aHinduism